Statistics for Most Visited Italian Cities

Click here to take the quiz!

General Stats

  • This quiz has been taken 144 times
  • The average score is 6 of 10

Answer Stats

## of NightsCity% Correct
329,833,225Rome
99%
137,042,454Venice
97%
715,468,199Milan
96%
913,161,395Naples
95%
814,716,466Florence
94%
517,293,792Verona
60%
615,967,490Rimini
33%
417,776,030Trento
25%
1010,463,688Brescia
24%
232,400,662Bolzano
16%

Score Distribution

Percentile by Number Answered

Percent of People with Each Score

Your Score History

You have not taken this quiz